Basic concepts of criminal law / (Record no. 940)
| 000 -LEADER | |
|---|---|
| fixed length control field | 00787nam a22002057a 4500 |
| 003 - CONTROL NUMBER IDENTIFIER | |
| control field | OSt |
| 005 - DATE AND TIME OF LATEST TRANSACTION | |
| control field | 20140116120842.0 |
| 008 - FIXED-LENGTH DATA ELEMENTS--GENERAL INFORMATION | |
| fixed length control field | 120618t xxu||||| |||| 00| 0 eng d |
| 020 ## - INTERNATIONAL STANDARD BOOK NUMBER | |
| International Standard Book Number | 9780195121711 (e) |
| 050 ## - LIBRARY OF CONGRESS CALL NUMBER | |
| Classification number | K5015.4.F58 1998 |
| 100 ## - MAIN ENTRY--PERSONAL NAME | |
| Personal name | Fletcher, George P. |
| 245 ## - TITLE STATEMENT | |
| Title | Basic concepts of criminal law / |
| Statement of responsibility, etc | George P. Fletcher. |
| 260 ## - PUBLICATION, DISTRIBUTION, ETC. (IMPRINT) | |
| Place of publication, distribution, etc | Madison Avenue, New York: |
| Name of publisher, distributor, etc | Oxford University Press, |
| Date of publication, distribution, etc | 1998. |
| 300 ## - PHYSICAL DESCRIPTION | |
| Extent | 236p. |
| Other physical details | e-resource, no physical copies. |
| 504 ## - BIBLIOGRAPHY, ETC. NOTE | |
| Bibliography, etc | Includes bibliographical reference and index. |
| 650 ## - SUBJECT ADDED ENTRY--TOPICAL TERM | |
| Topical term or geographic name as entry element | Criminal law. |
| 650 ## - SUBJECT ADDED ENTRY--TOPICAL TERM | |
| Topical term or geographic name as entry element | Public law. |
| 856 ## - ELECTRONIC LOCATION AND ACCESS | |
| Materials specified | Click here to access e-book: |
| Uniform Resource Identifier | <a href="http://site.ebrary.com/lib/riara/docDetail.action?docID=10142357&adv.x=1&p00=criminal+law&f00=subject&p01=criminal+law&f01=title">http://site.ebrary.com/lib/riara/docDetail.action?docID=10142357&adv.x=1&p00=criminal+law&f00=subject&p01=criminal+law&f01=title</a> |
| 942 ## - ADDED ENTRY ELEMENTS (KOHA) | |
| Source of classification or shelving scheme | |
| Koha item type | Electronic Book |
| Withdrawn status | Lost status | Source of classification or shelving scheme | Damaged status | Not for loan | Home library | Current library | Date acquired | Total Checkouts | Full call number | Date last seen | Price effective from | Koha item type |
|---|---|---|---|---|---|---|---|---|---|---|---|---|
| Riara University Library | Riara University Library | 18/06/2012 | K5015.4.F58 1998 | 18/06/2012 | 18/06/2012 | Electronic Book |
